| Tag |
First Indicator |
Second Indicator |
Subfields |
| LEADER |
00000cam a2200000 a 4500 |
| 001 |
in00002811191 |
| 005 |
20211120170658.0 |
| 006 |
m | d f |
| 007 |
cr mn||||||||| |
| 008 |
121128s2012 dcua ob f001 0 eng |
| 035 |
|
|
|a (OCoLC)ocn819572735
|
| 040 |
|
|
|a MHR
|c MHR
|d MHR
|d GPO
|d MvI
|d UtOrBLW
|
| 042 |
|
|
|a pcc
|
| 043 |
|
|
|a n-us---
|a a-iq---
|
| 049 |
|
|
|a WWW
|
| 074 |
|
|
|a 0378-H-01 (online)
|
| 086 |
0 |
|
|a D 5.402:IR 1
|
| 100 |
1 |
|
|a Casey, George W.
|
| 245 |
1 |
0 |
|a Strategic reflections :
|b Operation Iraqi Freedom, July 2004-February 2007 /
|c by George W. Casey.
|
| 246 |
3 |
0 |
|a Operation Iraqi Freedom, July 2004-February 2007
|
| 264 |
|
1 |
|a Washington, D.C. :
|b National Defense University Press,
|c [2012]
|
| 300 |
|
|
|a 1 online resource (xi, 215 pages) :
|b color illustrations ;
|c 23 cm.
|
| 336 |
|
|
|a text
|b txt
|2 rdacontent
|
| 337 |
|
|
|a computer
|b c
|2 rdamedia
|
| 338 |
|
|
|a online resource
|b cr
|2 rdacarrier
|
| 500 |
|
|
|a "October 2012."
|
| 500 |
|
|
|a Title from title screen (viewed on Jan, 2, 2013).
|
| 504 |
|
|
|a Includes bibliographical references and index.
|
| 505 |
0 |
|
|a 1. Preparing for the mission (May-June 2004) -- 2. Establishing the mission and preparing for the first elections (July 2004-January 2005) -- 3. Completing the UN timeline and setting conditions for a new Iraq (January-December 2005) -- 4. Government transition and the rise of sectarian violence (January-June 2006) -- 5. The toughest days (July 2006-February 2007) -- 6. Insights for leaders.
|
| 500 |
|
|
|a Electronic resource.
|
| 600 |
1 |
0 |
|a Casey, George W.
|
| 650 |
|
0 |
|a Iraq War, 2003-2011
|x Campaigns.
|
| 650 |
|
0 |
|a Iraq War, 2003-2011
|x Decision making.
|
| 650 |
|
0 |
|a Iraq War, 2003-2011
|v Personal narratives.
|
| 650 |
|
0 |
|a Combined operations (Military science)
|
| 650 |
|
0 |
|a Civil-military relations
|z United States
|x History
|y 21st century.
|
| 650 |
|
0 |
|a Civil-military relations
|z Iraq
|x History
|y 21st century.
|
| 650 |
|
0 |
|a Nation-building
|z Iraq.
|
| 650 |
|
0 |
|a Nation-building
|z United States.
|
| 651 |
|
0 |
|a Iraq
|x Politics and government
|y 2003-
|
| 651 |
|
0 |
|a Iraq
|x Strategic aspects.
|
| 710 |
2 |
|
|a National Defense University Press.
|
| 776 |
0 |
8 |
|i Print version:
|a Casey, George W.
|t Strategic reflections
|w (DLC) 2012021860
|w (OCoLC)795353936
|
| 856 |
4 |
0 |
|u https://purl.fdlp.gov/GPO/gpo32753
|t 0
|
| 999 |
|
|
|a MARS
|
| 999 |
f |
f |
|s 3e41bde0-e40a-32c5-86e0-ecec9181159b
|i 22d0bf21-0498-3c71-a70f-40d388ec2c3a
|t 0
|
| 952 |
f |
f |
|a Texas A&M University
|b College Station
|c Electronic Resources
|d Available Online
|t 0
|e D 5.402:IR 1
|h Superintendent of Documents classification
|
| 998 |
f |
f |
|a D 5.402:IR 1
|t 0
|l Available Online
|